000 00202nam a22000857a 4500
001 1235758
005 20250930162542.0
245 _aİKİ GÖZÜM ÜZÜMÜM
_cNECDET NEYDİM
260 _bGÜNIŞIĞI YAYINLARI
999 _c1235758
_d1235758